Surveying the expert witness domain (Record no. 75358)
[ view plain ]
| 000 -LEADER | |
|---|---|
| fixed length control field | 01592cab a2200277 4500 |
| 001 - CONTROL NUMBER | |
| control field | L129941 |
| 008 - FIXED-LENGTH DATA ELEMENTS--GENERAL INFORMATION | |
| fixed length control field | 050607n2005 000 0 eng u |
| 035 ## - SYSTEM CONTROL NUMBER | |
| System control number | (Sirsi) u129941 |
| 041 ## - LANGUAGE CODE | |
| Language code of text/sound track or separate title | eng |
| 100 ## - MAIN ENTRY--PERSONAL NAME | |
| Personal name | Oshidar, Shiraz |
| 245 ## - TITLE STATEMENT | |
| Title | Surveying the expert witness domain |
| 260 ## - PUBLICATION, DISTRIBUTION, ETC. | |
| Date of publication, distribution, etc. | 2005 |
| 490 ## - SERIES STATEMENT | |
| Series statement | New Law Journal |
| Volume/sequential designation | 155(7177) 20 May 2005, 779-781(2) |
| 520 ## - SUMMARY, ETC. | |
| Summary, etc. | Discusses best practice relating to chartered surveyors being called as expert witnesses. Points out that any surveyor giving expert evidence to a judicial body in the UK is required to comply with the RICS Practice Statement, "Surveyors acting as Expert Witnesses" and application of this document extends to a range of judicial and quasi-judicial bodies beyond the High, Crown and magistrates courts such as leasehold valuation tribunals. Advises that a party seeking the relevant expert should make careful enquiries of short-listed surveyors to verify the full details of their RICS qualifications. |
| 590 ## - LOCAL NOTE (RLIN) | |
| Local note | IKA070605 |
| 650 ## - SUBJECT ADDED ENTRY--TOPICAL TERM | |
| Topical term or geographic name entry element | CALA HOMES (SOUTH) LTD V ALFRED MCALPINE HOMES EAST LTD |
| 650 ## - SUBJECT ADDED ENTRY--TOPICAL TERM | |
| Topical term or geographic name entry element | PHILLIPS AND ANOTHER V SYMES AND ANOTHER |
| 650 ## - SUBJECT ADDED ENTRY--TOPICAL TERM | |
| Topical term or geographic name entry element | MULTIMEDIA PRODUCTIONS LTD V SOS ENVIRONMENT |
| 650 ## - SUBJECT ADDED ENTRY--TOPICAL TERM | |
| Topical term or geographic name entry element | FIELD V LEEDS CC |
| 650 ## - SUBJECT ADDED ENTRY--TOPICAL TERM | |
| Topical term or geographic name entry element | LIVERPOOL ROMAN CATHOLIC ARCHDIOCESAN TRUST V GOLDBERG (NO 3) |
| 650 ## - SUBJECT ADDED ENTRY--TOPICAL TERM | |
| Topical term or geographic name entry element | ADMIRAL MANAGEMENT SERVICES V PARA PROTECT EUROPE |
| 650 ## - SUBJECT ADDED ENTRY--TOPICAL TERM | |
| Topical term or geographic name entry element | ALEX SMOLEN V SOLON CO-OPERATIVE HOUSING |
| 690 ## - LOCAL SUBJECT ADDED ENTRY--TOPICAL TERM (OCLC, RLIN) | |
| Topical term or geographic name as entry element | MANAGEMENT-DISPUTE AVOIDANCE, MANAGEMENT AND RESOLUTION-DISPUTE MANAGEMENT AND RESOLUTION-EXPERT WITNESSES |
| 700 ## - ADDED ENTRY--PERSONAL NAME | |
| Personal name | Bevans, Geoff |
| 942 ## - ADDED ENTRY ELEMENTS (KOHA) | |
| Suppress in OPAC | 0 |
| Withdrawn status | Lost status | Source of classification or shelving scheme | Damaged status | Not for loan | Home library | Current library | Shelving location | Date acquired | Total Checkouts | Full call number | Barcode | Date last seen | Copy number | Price effective from | Koha item type |
|---|---|---|---|---|---|---|---|---|---|---|---|---|---|---|---|
| Dewey Decimal Classification | London | London | Journal article | 07/06/2005 | L129941 | 129941-1001 | 06/08/2019 | 1 | 06/08/2019 | Journal article |